00855nam a22002537a 4500003000900000005001700009008004500026020001500071040002200086092001500108100002100123245005800144260003200202300002900234490004900263650002500312650003400337830004900371942001200420945002600432952009400458956003200552999001700584DO-SdBNP20171129095350.0171129b 1978 sp||||| |||| 00| 0 spa d a0273004999 aBPMSUbspacBPMSU axxxxbxxxx1 aTilley, Pauline 10aEl Arte en la educación especial /cPauline Tilley. aBarcelona : bCEAC, c1978. a164 p. :bil. ;c 21 cm.1 aEducación especial (CEAC). Monográfica 04aEducación especial04a Arte y enfermedades mentales 0aEducación especial (CEAC). Monográfica  2ddccBK aInventariado 2017/ LP 00102ddc40708CGaBPMETbBPMETd2017-11-29eDonación l0r2017-11-29w2017-11-29yBK aLOPEREZb10c20171129d0041 c13197d13197